|
|
|
|
| LEADER |
00000cam a2200000 4500 |
| 001 |
vtls011983137 |
| 003 |
SK-MaSNL |
| 005 |
20260425231112.0 |
| 008 |
220509s2020 xo do gr 000 0aslo |
| 015 |
|
|
|a SNBA2021/04
|
| 020 |
|
|
|a 9788022418065
|q (viazané)
|
| 035 |
|
|
|a urn:nbn:sk:snk-am00geqw
|
| 035 |
|
|
|a urn:nbn:sk:snk-am3j7gm
|
| 035 |
|
|
|a 85DD128F-2A15-4287-B02B-01A3C166BE02
|
| 040 |
|
|
|a SNK
|b slo
|c SNK
|e rda
|
| 041 |
0 |
|
|a slo
|a eng
|
| 043 |
|
|
|a e-xo---
|
| 044 |
|
|
|a xo
|c SK
|
| 072 |
|
7 |
|a 658
|x Riadenie a správa podniku
|2 konspekt
|
| 072 |
|
7 |
|a 929
|x Biografie
|2 konspekt
|
| 080 |
|
|
|a 658.114-051
|2 2011
|
| 080 |
|
|
|a 316.472.4
|2 2011
|
| 080 |
|
|
|a 005.966
|2 2011
|
| 080 |
|
|
|a 001-051
|2 2011
|
| 080 |
|
|
|a 17:658
|2 2011
|
| 080 |
|
|
|a (437.6)
|2 2011
|
| 080 |
|
|
|a (092)
|2 2011
|
| 100 |
1 |
|
|a Kassay, Štefan,
|d 1941-
|4 aut
|9 88589
|
| 245 |
1 |
0 |
|a Bližšie k životu
|b autobiografická výpoveď o kontinuite života, o kariére a medziľudských vzťahoch ako voľné pokračovanie knihy Bližšie k človeku
|c Štefan Kassay
|
| 246 |
1 |
1 |
|a Closer to life
|
| 264 |
|
1 |
|a Bratislava
|b Veda
|c 2020
|
| 300 |
|
|
|a 223 strán
|b fotografie, grafy
|c 27 cm
|
| 336 |
|
|
|a text
|b txt
|2 rdacontent
|
| 337 |
|
|
|a bez média
|b n
|2 rdamedia
|
| 338 |
|
|
|a zväzok
|b nc
|2 rdacarrier
|
| 366 |
|
|
|e 800 kusov
|
| 504 |
|
|
|a Obsahuje bibliografické odkazy
|
| 546 |
|
|
|a Súbežný názov a text v angličtine
|
| 600 |
1 |
7 |
|a Kassay, Štefan,
|d 1941-
|2 SNKMA
|9 88589
|
| 650 |
0 |
7 |
|a podnikatelia
|2 SNKPH
|9 1756
|
| 650 |
0 |
7 |
|a interpersonálne vzťahy
|2 SNKPH
|9 3770
|
| 650 |
0 |
7 |
|a rozvoj kariéry
|2 SNKPH
|9 79312
|
| 650 |
0 |
7 |
|a vedci
|2 SNKPH
|9 70904
|
| 650 |
0 |
7 |
|a manažérska etika
|2 SNKPH
|9 4266
|
| 650 |
0 |
7 |
|a Businessmen
|2 SNKPHeng
|9 275440
|
| 650 |
0 |
7 |
|a Interpersonal relations
|2 SNKPHeng
|9 278058
|
| 650 |
0 |
7 |
|a Career development
|2 SNKPHeng
|9 277126
|
| 650 |
0 |
7 |
|a Scientists
|2 SNKPHeng
|9 302801
|
| 650 |
0 |
7 |
|a Business ethics
|2 SNKPHeng
|9 313125
|
| 651 |
|
7 |
|a Slovensko
|2 SNKPHgeo
|9 14231
|
| 651 |
|
7 |
|a Slovakia
|2 SNKPHeng
|9 92630
|
| 655 |
|
7 |
|a autobiografie
|2 SNKPH
|9 70280
|
| 655 |
|
7 |
|a Autobiography
|2 SNKPHeng
|9 283613
|
| 700 |
1 |
|
|a Kassayová, Lucia
|4 edt
|9 422276
|
| 919 |
|
|
|a 978-80-224-1806-5
|
| 958 |
|
|
|a NB
|
| 999 |
|
|
|c 694641
|d 696571
|
| 952 |
|
|
|a SNK
|b SNK
|y PREZ
|7 0
|p 17A1449252
|o snkSB 96263
|i snk2021/352
|8 0
|0 0
|1 0
|4 0
|d 2021-02-02
|f 1
|l 0
|r 2025-05-19 00:00:00
|w 2026-02-23
|
| 952 |
|
|
|a SNK
|b SNK
|y VYP
|7 0
|p 17A1449253
|o snkSB 96263 D1
|i snk2021/353
|8 0
|0 0
|1 0
|4 0
|d 2021-02-02
|l 0
|r 2026-02-23 20:38:34
|w 2026-02-23
|